加茂市?美濃加茂市? - Statistics

General Stats
  • This quiz has been taken 22 times
  • The average score is 7 of 12
Answer Stats
Hint Explanation Answer % Correct
市内に駅が一つしかない 加茂市:加茂駅のみ
美濃加茂市:美濃太田駅、古井駅、美濃川合駅、前平公園駅、加茂野駅
加茂市
82%
隣接自治体数は5個以上 美濃加茂市:関市、可児市、御嵩町、七宗町、坂祝町、富加町、川辺町、八百津町
加茂市:新潟市、五泉市、三条市、田上町
美濃加茂市
77%
市域は東西に長い 加茂市
68%
人口は5万人以上 美濃加茂市:約5.7万人
加茂市:約2.3万人
美濃加茂市
68%
姉妹都市に東京都大島町がある 加茂市
68%
市の代表駅に1985年に廃止された鉄道が乗り入れていた 蒲原鉄道が乗り入れていた 加茂市
64%
市内にはヤマザキマザック工作機械博物館がある 美濃加茂市
59%
市の木はムク 加茂市はスギ 美濃加茂市
55%
2桁国道がある 国道21号、国道41号 美濃加茂市
55%
市の花はユキツバキ 美濃加茂市はあじさい
加茂市の市街地に隣接する加茂山は雪椿の群生地
加茂市
50%
明治期にマカロニの量産に国内で初めて成功した地である 加茂市
50%
面積は100㎢以上 加茂市:133.72㎢
美濃加茂市:74.81㎢
加茂市
45%
No matching quizzes found
Score Distribution
Percent of People with Each Score
Percentile by Number Answered
Your Score History
You have not taken this quiz